[Event "6th EUR-ch (w)"]
[Site "Chisinau MDA"]
[Date "2005.06.17"]
[Round "7"]
[White "Cherednichenko, Svetlana"]
[Black "Nill, Jessica"]
[Result "1/2-1/2"]
[WhiteElo "2230"]
[BlackElo "2290"]
[EventDate "2005.06.10"]
[PlyCount "117"]

1.d4 d5 2.c4 c6 3.Nc3 Nf6 4.e3 a6 5.Bd3 b5 6.b3 Bg4 7.Qc2 e6 8.Nge2 Bh5 9.
f3 Nbd7 10.O-O dxc4 11.bxc4 bxc4 12.Bxc4 c5 13.Bb2 cxd4 14.Nxd4 Qc8 15.Qe2
Be7 16.Rac1 Qb7 17.Rfd1 O-O 18.Kh1 Nb6 19.Bb3 Bg6 20.Na4 Nxa4 21.Bxa4 Rab8
22.Bb3 Rbc8 23.Rxc8 Qxc8 24.Rc1 Qb7 25.Qc4 h6 26.Nc6 Bd6 27.Qd4 Ne8 28.Ne5
Bh7 29.Nc6 Kh8 30.Qh4 Kg8 31.Qd4 Kh8 32.Qh4 Kg8 33.Qc4 Kh8 34.Qc3 Bg8 35.
Nd4 Bh7 36.Qc6 Qxc6 37.Rxc6 Bd3 38.Rc3 Bg6 39.e4 Nc7 40.Rc2 e5 41.Nc6 f6 
42.Rd2 Bc5 43.Rd7 Nb5 44.a4 Nd6 45.Nd8 Be8 46.Ne6 Bxd7 47.Nxf8 Bc6 48.Ng6+
Kh7 49.Nf8+ Kh8 50.Ne6 Bb4 51.Kg1 Nb7 52.Bc4 Bxa4 53.Bxa6 Nc5 54.Nxc5 
Bxc5+ 55.Kf1 g5 56.Bc3 Kg7 57.Ba5 Bd7 58.Bc4 h5 59.h3 1/2-1/2

[Event "6th EUR-ch (w)"]
[Site "Chisinau MDA"]
[Date "2005.06.17"]
[Round "7"]
[White "Ivanova-Skripova, Tatiana"]
[Black "Makropoulou, Marina"]
[Result "1-0"]
[WhiteElo "2205"]
[BlackElo "2285"]
[EventDate "2005.06.10"]
[PlyCount "83"]

1.d4 g6 2.Nf3 Bg7 3.Bf4 Nf6 4.e3 O-O 5.Be2 d6 6.O-O h6 7.h3 c5 8.c3 b6 9.
Nbd2 Bb7 10.a4 Nbd7 11.Qb3 Kh7 12.a5 e5 13.Bh2 Qe7 14.dxe5 dxe5 15.axb6 
axb6 16.Rxa8 Rxa8 17.Bc4 e4 18.Ne1 Bc6 19.Nc2 Ba4 20.Qa2 Bc6 21.Qb3 Ba4 
22.Qa2 Qd8 23.Qb1 Ne5 24.Bxe5 Qxd2 25.b3 Qd7 26.bxa4 Qxa4 27.Bxf7 Qd7 28.
Bc4 Qe7 29.Bh2 Nd7 30.Qb3 Be5 31.Bxe5 Nxe5 32.Bd5 Rb8 33.Bxe4 Nf7 34.Bd5 
Ng5 35.c4 Qf6 36.h4 Nf7 37.Qa4 Rf8 38.Qd7 Kh8 39.f4 h5 40.Ne1 Ne5 41.Qe6 
Ng4 42.Qxf6+ 1-0

[Event "6th EUR-ch (w)"]
[Site "Chisinau MDA"]
[Date "2005.06.17"]
[Round "7"]
[White "Ptacnikova, Lenka"]
[Black "Khudaverdieva, Afag"]
[Result "1/2-1/2"]
[WhiteElo "2277"]
[BlackElo "2187"]
[EventDate "2005.06.10"]
[PlyCount "108"]

1.c4 Nf6 2.g3 g6 3.Bg2 d5 4.cxd5 Nxd5 5.Nf3 Bg7 6.O-O O-O 7.Nc3 Nb6 8.d3 
c6 9.Bd2 N8d7 10.Rb1 e5 11.b4 Re8 12.Ne4 Qc7 13.Qb3 Nd5 14.Rfc1 N7f6 15.
Nc5 Qe7 16.Ng5 h6 17.Nge4 Nxe4 18.Bxe4 Nc7 19.Bg2 Ne6 20.Be3 Nd4 21.Qd1 
Bg4 22.f3 Bc8 23.a4 b6 24.Ne4 Bd7 25.Qd2 Kh7 26.Nf2 f5 27.Nd1 Rac8 28.Bf2 
Qf7 29.e3 Nb3 30.Qa2 Be6 31.Rc3 Nc5 32.Qc2 Nb7 33.e4 Qd7 34.Ne3 c5 35.b5 
Na5 36.Bf1 f4 37.Nc4 Nxc4 38.dxc4 Red8 39.Rd3 Qf7 40.Rxd8 Rxd8 41.Rb3 fxg3
42.hxg3 g5 43.Be2 h5 44.Be3 g4 45.fxg4 hxg4 46.Rd3 Rf8 47.Rd1 Qh5 48.Bf1 
Rf3 49.Bf2 Rf6 50.Be3 Rf3 51.Bf2 Rf6 52.Be3 Bh6 53.Bxh6 Rxh6 54.Qg2 Qf7 
1/2-1/2

[Event "6th EUR-ch (w)"]
[Site "Chisinau MDA"]
[Date "2005.06.17"]
[Round "7"]
[White "Baskite, Viktoria"]
[Black "Eidelson, Rakhil"]
[Result "1/2-1/2"]
[WhiteElo "2205"]
[BlackElo "2268"]
[EventDate "2005.06.10"]
[PlyCount "53"]

1.c4 g6 2.g3 Bg7 3.Bg2 e5 4.d3 Nc6 5.Nc3 d6 6.Rb1 f5 7.b4 Nf6 8.Bg5 h6 9.
Bxf6 Bxf6 10.Qa4 O-O 11.Nd5 Bg7 12.e3 e4 13.dxe4 Ne5 14.Qc2 c6 15.Nf4 g5 
16.Nd3 Nxd3+ 17.Qxd3 fxe4 18.Bxe4 Qf6 19.Qd2 Be6 20.Rc1 d5 21.cxd5 Rad8 
22.f4 cxd5 23.Bb1 d4 24.Ne2 dxe3 25.Qxe3 Rde8 26.Qd3 Bf5 27.Qxf5 1/2-1/2

[Event "6th EUR-ch (w)"]
[Site "Chisinau MDA"]
[Date "2005.06.17"]
[Round "7"]
[White "Meshcheriakova, Evgenia"]
[Black "Tarasova, Viktoria"]
[Result "1/2-1/2"]
[WhiteElo "2193"]
[BlackElo "2268"]
[EventDate "2005.06.10"]
[PlyCount "46"]

1.d4 Nf6 2.c4 g6 3.Nc3 d5 4.cxd5 Nxd5 5.e4 Nxc3 6.bxc3 Bg7 7.Bc4 O-O 8.Ne2
c5 9.O-O Nc6 10.Be3 cxd4 11.cxd4 Bg4 12.f3 Na5 13.Bxf7+ Rxf7 14.fxg4 Rxf1+
15.Kxf1 Qd7 16.h3 Qe6 17.Qd3 Qc4 18.Qxc4+ Nxc4 19.Bg5 e5 20.d5 h6 21.Bc1 
Nd6 22.Ng3 Rc8 23.Be3 Rc3 1/2-1/2

[Event "6th EUR-ch (w)"]
[Site "Chisinau MDA"]
[Date "2005.06.17"]
[Round "7"]
[White "Szczepkowska, Karina"]
[Black "Partac, Elena"]
[Result "0-1"]
[WhiteElo "2264"]
[BlackElo "2190"]
[EventDate "2005.06.10"]
[PlyCount "64"]

1.e4 c5 2.b3 d6 3.Bb2 Nf6 4.Bb5+ Bd7 5.Bxd7+ Nbxd7 6.d3 g6 7.f4 Bg7 8.Nf3 
O-O 9.O-O b5 10.Nbd2 Nxe4 11.Bxg7 Nxd2 12.Bxf8 Nxf1 13.Bxe7 Qxe7 14.Kxf1 
Qf6 15.g3 Re8 16.Rb1 Qf5 17.Qd2 Qd5 18.Kf2 Nf6 19.h3 c4 20.Rd1 c3 21.Qc1 
Qc5+ 22.d4 Qh5 23.Ng1 Qd5 24.Rd3 Qh1 25.Qd1 Ne4+ 26.Kf1 Qh2 27.Qe2 Nd2+ 
28.Rxd2 Rxe2 29.Rxe2 Qxg3 30.Rf2 Qe3 31.d5 Qe4 32.f5 gxf5 0-1

[Event "6th EUR-ch (w)"]
[Site "Chisinau MDA"]
[Date "2005.06.17"]
[Round "7"]
[White "Stiri, Alexandra"]
[Black "Chulivska, Vita"]
[Result "1/2-1/2"]
[WhiteElo "2181"]
[BlackElo "2262"]
[EventDate "2005.06.10"]
[PlyCount "141"]

1.e4 c5 2.Nf3 d6 3.d4 cxd4 4.Nxd4 Nf6 5.Nc3 a6 6.f3 e6 7.Be3 Be7 8.Qd2 Nc6
9.O-O-O O-O 10.g4 Nxd4 11.Bxd4 Nd7 12.h4 b5 13.g5 Qc7 14.Kb1 b4 15.Na4 Bb7
16.b3 d5 17.h5 Rac8 18.g6 e5 19.h6 fxg6 20.hxg7 Rxf3 21.exd5 exd4 22.Bc4 
Qf4 23.d6+ Rxc4 24.dxe7 Rc8 25.Qxb4 d3 26.e8=Q+ Rxe8 27.Qxb7 dxc2+ 28.Kxc2
Rf2+ 29.Kb1 Qf5+ 30.Ka1 Qe5+ 31.Kb1 Nf6 32.Qxa6 Ne4 33.Qc4+ Kxg7 34.Rd7+ 
Re7 35.Rxe7+ Qxe7 36.Qd4+ Kg8 37.Re1 Rf4 38.Qd5+ Kf8 39.Qd4 Kg8 40.Qd5+ 
Kg7 41.Qd4+ Qf6 42.Qd7+ Kh6 43.Rh1+ Rh4 44.Qd1 Nf2 45.Qd2+ Kh5 46.Rc1 Qf5+
47.Ka1 Qf6+ 48.Kb1 Rh2 49.Nc3 Ng4 50.Qd5+ g5 51.Qd3 h6 52.Ne2 Ne5 53.Ng3+ 
Kg4 54.Qe3 Rb2+ 55.Ka1 Nd3 56.Rc4+ Nf4 57.Ne4 Qe5 58.Rc3 Re2 59.Qf3+ Kf5 
60.Ng3+ Kg6 61.Nxe2 Nxe2 62.Qc6+ Kh5 63.Qh1+ Kg6 64.Qc6+ Kf5 65.Qc8+ Kg6 
66.Qg8+ Kh5 67.Qf7+ Kh4 68.Qf2+ Kh5 69.Qf7+ Kh4 70.Qf2+ Kh5 71.Qf7+ 
1/2-1/2

[Event "6th EUR-ch (w)"]
[Site "Chisinau MDA"]
[Date "2005.06.17"]
[Round "7"]
[White "Kalinina, Larisa"]
[Black "Galoian, Lilit"]
[Result "0-1"]
[WhiteElo "2177"]
[BlackElo "2256"]
[EventDate "2005.06.10"]
[PlyCount "112"]

1.e4 c5 2.Nf3 Nc6 3.d4 cxd4 4.Nxd4 e6 5.Nc3 Qc7 6.Be2 a6 7.O-O Nf6 8.Nxc6 
bxc6 9.f4 Be7 10.e5 Nd5 11.Nxd5 cxd5 12.b3 Bb7 13.Bb2 O-O 14.Bd3 f5 15.
exf6 Bxf6 16.Qh5 h6 17.Be5 d6 18.Bxf6 Rxf6 19.Rae1 Raf8 20.Rf3 Bc8 21.Rg3 
Qf7 22.Qh4 e5 23.fxe5 dxe5 24.h3 e4 25.Be2 Qa7+ 26.Kh2 Qc7 27.c4 Rf4 28.
Qh5 R4f5 29.Qh4 d4 30.Qxe4 Rg5 31.Bg4 h5 32.Qxd4 hxg4 33.Qe3 Rg6 34.Qe5 
Qf7 35.Re2 Re6 36.Qb2 Qc7 37.Rxe6 Bxe6 38.Qe2 Rf6 39.Qe3 gxh3 40.gxh3 Rg6 
41.h4 Bf5 42.a3 Be4 43.h5 Re6 44.Qg5 Qf7 45.Kh3 Bf5+ 46.Kh2 Re2+ 47.Rg2 
Qc7+ 48.Qg3 Qxg3+ 49.Kxg3 Rxg2+ 50.Kxg2 Bg4 51.h6 gxh6 52.b4 Be6 53.b5 
Bxc4 54.bxa6 Bxa6 55.Kg3 Kg7 56.Kh4 Bb5 0-1

[Event "6th EUR-ch (w)"]
[Site "Chisinau MDA"]
[Date "2005.06.17"]
[Round "7"]
[White "Calzetta Ruiz, Monica"]
[Black "Seps, Monika"]
[Result "1-0"]
[WhiteElo "2254"]
[BlackElo "2116"]
[EventDate "2005.06.10"]
[PlyCount "109"]

1.e4 c5 2.Nc3 d6 3.f4 g6 4.Nf3 Bg7 5.Bc4 Nc6 6.O-O e6 7.d3 Nge7 8.Qe1 h6 
9.Bb3 a6 10.e5 d5 11.Qf2 b6 12.Ne2 O-O 13.c3 f6 14.d4 cxd4 15.cxd4 Bd7 16.
Bd2 Rc8 17.Qg3 f5 18.Rfc1 Rc7 19.Bc2 Qc8 20.Bd3 Qb7 21.Bc3 Rfc8 22.Nh4 Kh7
23.Qf3 Na7 24.Rd1 Bb5 25.Bb4 Bxd3 26.Qxd3 Rg8 27.a4 Bf8 28.Bd6 Rd7 29.Qa3 
Nac8 30.Bb4 a5 31.Be1 Nc6 32.Qh3 N8a7 33.Nf3 Kg7 34.Bh4 Be7 35.Bf6+ Bxf6 
36.exf6+ Kxf6 37.Qxh6 Nd8 38.Qg5+ Kf7 39.Ne5+ Kf8 40.Nxd7+ Qxd7 41.Ra3 
Nac6 42.Rc1 Qe7 43.Qxe7+ Kxe7 44.Rb3 Nb4 45.Rc7+ Kd6 46.Rc8 Kd7 47.Rbc3 
Na6 48.Nc1 g5 49.Nd3 gxf4 50.Ne5+ Ke7 51.Kf2 Re8 52.h4 Nf7 53.R3c7+ Nxc7 
54.Rxc7+ Kd8 55.Rd7+ 1-0

[Event "6th EUR-ch (w)"]
[Site "Chisinau MDA"]
[Date "2005.06.17"]
[Round "7"]
[White "Laesson, Tuulikki"]
[Black "Kalinina, Olga"]
[Result "0-1"]
[WhiteElo "2246"]
[BlackElo "2022"]
[EventDate "2005.06.10"]
[PlyCount "146"]

1.d4 d5 2.Nf3 c5 3.c3 e6 4.Bf4 Nf6 5.e3 Qb6 6.Qb3 Be7 7.Nbd2 O-O 8.Qxb6 
axb6 9.Bc7 Nbd7 10.Ne5 c4 11.Be2 b5 12.O-O Ne8 13.Nxd7 Bxd7 14.Bg3 b4 15.
cxb4 Bxb4 16.Nf3 f6 17.a3 Be7 18.Ne1 Nd6 19.f3 Ba4 20.Rc1 Rfc8 21.Bxd6 
Bxd6 22.Rc3 Bc7 23.Nc2 Ba5 24.Nb4 Bxb4 25.axb4 Bb3 26.Rfc1 Rc6 27.b5 Rd6 
28.Rxb3 cxb3 29.Rc3 e5 30.dxe5 fxe5 31.Rxb3 Kf7 32.Rc3 Ra2 33.Rc2 Kf6 34.
Kf2 d4 35.e4 d3 36.Rd2 Ra5 37.Rxd3 Rxd3 38.Bxd3 Ra2 39.h4 Rxb2+ 40.Be2 Ke6
41.Ke3 Kd6 42.g3 Rb1 43.f4 g6 44.h5 gxh5 45.f5 Rb3+ 46.Kf2 Ke7 47.Bxh5 
Rxb5 48.Kf3 Kf6 49.Be8 Rb4 50.Bd7 Kg5 51.Be6 Rd4 52.Ke3 b5 53.Bb3 b4 54.
Be6 Rd6 55.Bb3 Rc6 56.Kd2 Rc3 57.Bg8 h6 58.g4 Rf3 59.Be6 Kh4 60.Kc2 Kg3 
61.Kb2 Kf2 62.Bd5 Kg3 63.Be6 Kh4 64.Kc2 Kg5 65.f6 Kf4 66.Bf5 Rc3+ 67.Kb2 
Rc6 68.f7 Rf6 69.Be6 Kxe4 70.Kb3 Kd4 71.Kxb4 e4 72.Kb3 e3 73.Kc2 e2 0-1

[Event "6th EUR-ch (w)"]
[Site "Chisinau MDA"]
[Date "2005.06.17"]
[Round "7"]
[White "Lazo, Xenia"]
[Black "Foisor, Sabina-Francesca"]
[Result "1-0"]
[WhiteElo "2001"]
[BlackElo "2210"]
[EventDate "2005.06.10"]
[PlyCount "112"]

1.d4 g6 2.c4 Bg7 3.Nc3 c5 4.d5 d6 5.e4 a6 6.Qc2 e6 7.Bd3 exd5 8.exd5 Ne7 
9.Bg5 h6 10.Bh4 g5 11.Bg3 f5 12.h4 O-O 13.hxg5 hxg5 14.O-O-O Ng6 15.Kb1 
Qf6 16.Nge2 Nd7 17.f4 g4 18.Rh5 Nb6 19.Rdh1 Bd7 20.Bh4 Nxh4 21.R5xh4 Rfe8 
22.Qd2 Re7 23.Qc1 Rae8 24.Qd2 Re3 25.Nd1 R3e7 26.Ng3 Qd4 27.Qc3 Re1 28.
Qxd4 Bxd4 29.Kc2 Rxh1 30.Rxh1 Re7 31.b3 Bg7 32.Kd2 Kf7 33.Bxf5 Kf6 34.Bd3 
Rf7 35.Nh5+ Ke7 36.Bg6 Rf8 37.Re1+ Kd8 38.Nxg7 Rxf4 39.Ne6+ Bxe6 40.Rxe6 
Nd7 41.Re4 Rf6 42.Bh5 g3 43.Rg4 Rh6 44.Rg8+ Kc7 45.Bf3 b5 46.Rxg3 bxc4 47.
bxc4 Ne5 48.Be2 Rh4 49.Kc3 Kb6 50.Rh3 Re4 51.Re3 Rf4 52.g3 Rf5 53.Re4 Ka5 
54.g4 Rg5 55.Nb2 Rg7 56.Nd3 Rc7 1-0

[Event "6th EUR-ch (w)"]
[Site "Chisinau MDA"]
[Date "2005.06.17"]
[Round "7"]
[White "Calotescu, Ana-Cristina"]
[Black "Kuzevanova, Evgenia"]
[Result "1/2-1/2"]
[WhiteElo "2268"]
[BlackElo "2124"]
[EventDate "2005.06.10"]
[PlyCount "41"]

1.Nf3 Nf6 2.c4 g6 3.g3 Bg7 4.Bg2 O-O 5.d4 d5 6.cxd5 Nxd5 7.O-O Nb6 8.Nc3 
Nc6 9.e3 e5 10.d5 Ne7 11.e4 Bg4 12.h3 Bxf3 13.Qxf3 c6 14.Rd1 cxd5 15.exd5 
Nf5 16.Be3 Nc4 17.Bc5 Re8 18.Qe2 Ncd6 19.Qd3 b6 20.Bxd6 Nxd6 21.Rac1 
1/2-1/2

[Event "6th EUR-ch (w)"]
[Site "Chisinau MDA"]
[Date "2005.06.17"]
[Round "7"]
[White "Hamelink, Desiree"]
[Black "Lupik, Marina"]
[Result "1/2-1/2"]
[WhiteElo "2244"]
[BlackElo "2123"]
[EventDate "2005.06.10"]
[PlyCount "101"]

1.e4 c5 2.Nf3 d6 3.d4 cxd4 4.Nxd4 Nf6 5.Nc3 a6 6.Be2 e5 7.Nb3 Be7 8.O-O 
Be6 9.f4 exf4 10.Bxf4 Nc6 11.Kh1 O-O 12.Qe1 b5 13.Rd1 Qc7 14.Nd5 Bxd5 15.
exd5 Ne5 16.c3 Rfe8 17.Qg3 Ng6 18.Bc1 Ne4 19.Qf3 Bf6 20.Bd3 Nc5 21.Bc2 
Nxb3 22.axb3 Re7 23.Rf2 Rae8 24.Rdf1 Qc5 25.g4 Bh4 26.Rg2 Qa7 27.Bd2 Be1 
28.Bg5 Re5 29.Bxg6 hxg6 30.Bf4 Re4 31.Bxd6 Qd7 32.Bb4 Qxd5 33.c4 Qd7 34.
Bxe1 Rxe1 35.Rf2 f6 36.Rxe1 Rxe1+ 37.Kg2 Qd4 38.Qf4 Re4 39.Qb8+ Kh7 40.h3 
bxc4 41.bxc4 Qxc4 42.Qb7 Re2 43.Rxe2 Qxe2+ 44.Kg3 Qb5 45.Qxb5 axb5 46.Kf3 
Kh6 47.h4 f5 48.b4 Kh7 49.gxf5 gxf5 50.Kf4 g6 51.Ke5 1/2-1/2

[Event "6th EUR-ch (w)"]
[Site "Chisinau MDA"]
[Date "2005.06.17"]
[Round "7"]
[White "Mirzoeva, Elmira"]
[Black "Cicariova, Elena"]
[Result "1-0"]
[WhiteElo "2232"]
[BlackElo "2081"]
[EventDate "2005.06.10"]
[PlyCount "55"]

1.e4 c5 2.b3 d5 3.exd5 Qxd5 4.Nc3 Qd8 5.Bb2 Nf6 6.Bb5+ Bd7 7.Qe2 e6 8.Nf3 
Be7 9.O-O-O O-O 10.d4 Qa5 11.Bxd7 Nbxd7 12.d5 c4 13.dxe6 Nb6 14.exf7+ Rxf7
15.Qe5 Qa6 16.Qe6 cxb3 17.Ng5 Rf8 18.Nxf7 Rxf7 19.axb3 Ne8 20.Kb1 Nc7 21.
Qg4 Qa5 22.Rhe1 Ncd5 23.Nxd5 Nxd5 24.Qc4 Nb6 25.Rd8+ Bf8 26.Qe6 Qc5 27.Re5
Qb4 28.Rf5 1-0

[Event "6th EUR-ch (w)"]
[Site "Chisinau MDA"]
[Date "2005.06.17"]
[Round "7"]
[White "Coimbra, Margarida"]
[Black "Iodo, Anna"]
[Result "0-1"]
[WhiteElo "2098"]
[BlackElo "2176"]
[EventDate "2005.06.10"]
[PlyCount "66"]

1.e4 c5 2.Nc3 Nc6 3.g3 g6 4.Bg2 Bg7 5.d3 d6 6.Nh3 e6 7.O-O Nge7 8.Be3 O-O 
9.Qd2 Re8 10.f4 Rb8 11.a4 Nd4 12.g4 f5 13.gxf5 gxf5 14.Kh1 Kh8 15.Ng5 Rf8 
16.Qd1 h6 17.Nf3 Ng6 18.Qd2 b6 19.Nb5 Nxf3 20.Bxf3 Nh4 21.Nc3 Nxf3 22.Rxf3
fxe4 23.dxe4 d5 24.exd5 Bb7 25.Rd1 Rf5 26.Kg1 exd5 27.Rg3 d4 28.Bf2 Qf6 
29.Ne2 Qc6 30.Be1 Qh1+ 31.Kf2 Qxh2+ 32.Kf1 Qh1+ 33.Ng1 Rbf8 0-1

[Event "6th EUR-ch (w)"]
[Site "Chisinau MDA"]
[Date "2005.06.17"]
[Round "7"]
[White "Babei, Angelica"]
[Black "Golubenko, Valentina"]
[Result "1-0"]
[WhiteElo "1843"]
[BlackElo "2171"]
[EventDate "2005.06.10"]
[PlyCount "129"]

1.e4 c5 2.Nc3 Nc6 3.g3 g6 4.Bg2 Bg7 5.d3 d6 6.Be3 Nf6 7.h3 O-O 8.Qd2 Qb6 
9.Nd1 Rd8 10.f4 e6 11.Ne2 d5 12.e5 Nd7 13.O-O d4 14.Bf2 f6 15.exf6 Nxf6 
16.g4 Nd5 17.Bh4 Rf8 18.Bxd5 exd5 19.Ng3 Bh6 20.Qg2 Nb4 21.a3 Na6 22.Qxd5+
Be6 23.Qg2 Bxf4 24.Ne4 Be5 25.Bf6 Bxf6 26.Nxf6+ Kg7 27.g5 Qc7 28.Nf2 Kh8 
29.Rae1 Bf5 30.N2g4 Qg7 31.Re2 Bxg4 32.Qxg4 Rf7 33.Rfe1 Nc7 34.Qf3 Raf8 
35.Qg3 Rd8 36.Qe5 b6 37.b4 cxb4 38.axb4 a6 39.Re4 Nb5 40.Rh4 h5 41.Rhe4 
Rdf8 42.Qg3 Rd8 43.Re8+ Rf8 44.R1e7 Rdxe8 45.Rxg7 Kxg7 46.Nxe8+ Rxe8 47.
Qf4 Re6 48.Kf1 a5 49.bxa5 bxa5 50.Qb8 Nd6 51.Qa7+ Nf7 52.Qxd4+ Kf8 53.Qc5+
Rd6 54.Qxa5 Ke7 55.h4 Ke6 56.Qd2 Rd5 57.c4 Rf5+ 58.Kg2 Nd6 59.Qe3+ Re5 60.
Qb6 Kd7 61.c5 Nf5 62.c6+ Ke7 63.c7 Nd6 64.c8=Q Nxc8 65.Qf6+ 1-0

[Event "6th EUR-ch (w)"]
[Site "Chisinau MDA"]
[Date "2005.06.17"]
[Round "7"]
[White "Van Weersel, Arlette"]
[Black "Foisor, Mihaela-Veronica"]
[Result "1-0"]
[WhiteElo "2158"]
[BlackElo "1930"]
[EventDate "2005.06.10"]
[PlyCount "109"]

1.e4 c5 2.c4 Nc6 3.Ne2 Nf6 4.Nbc3 e6 5.d4 cxd4 6.Nxd4 Bb4 7.Nxc6 dxc6 8.
Qxd8+ Kxd8 9.Bd2 e5 10.Rd1 Ke7 11.f3 Bc5 12.Na4 Bd4 13.Bb4+ Ke8 14.Bd3 Be6
15.Ke2 Nd7 16.Rb1 f6 17.Rhc1 Kf7 18.Bc3 Bxc3 19.Rxc3 Rac8 20.b4 b6 21.Rbc1
Rhd8 22.b5 c5 23.Ra3 Ra8 24.Nc3 Nb8 25.Nd5 Bxd5 26.exd5 g6 27.g4 a6 28.Be4
Ra7 29.Rb1 a5 30.h4 h5 31.Rg1 hxg4 32.fxg4 Rh8 33.h5 g5 34.Rf1 Rd7 35.d6 
Rxd6 36.Bd5+ Kg7 37.Ke3 Nd7 38.Ke4 Nf8 39.Kf5 Nh7 40.Rd3 Re8 41.Ke4 Red8 
42.Rfd1 R8d7 43.Be6 Rd4+ 44.Rxd4 Rxd4+ 45.Rxd4 exd4 46.Bf5 Nf8 47.Kd5 d3 
48.Bxd3 Nd7 49.Kd6 Ne5 50.Be2 Kf7 51.Kc7 f5 52.gxf5 g4 53.Kxb6 g3 54.Bf1 
Nxc4+ 55.Bxc4+ 1-0

[Event "6th EUR-ch (w)"]
[Site "Chisinau MDA"]
[Date "2005.06.17"]
[Round "7"]
[White "Vartic, Irina"]
[Black "Butuc, Maria"]
[Result "1/2-1/2"]
[WhiteElo "1948"]
[BlackElo "2147"]
[EventDate "2005.06.10"]
[PlyCount "86"]

1.e4 c5 2.Nf3 e6 3.d4 cxd4 4.Nxd4 Nf6 5.Nc3 Nc6 6.Ndb5 Bb4 7.a3 Bxc3+ 8.
Nxc3 d5 9.exd5 exd5 10.Bd3 O-O 11.O-O d4 12.Ne4 Bf5 13.Bg5 Bxe4 14.Bxe4 h6
15.Bxf6 Qxf6 16.Re1 Rad8 17.Qf3 Qd6 18.Bxc6 bxc6 19.Re4 Rfe8 20.Rae1 Qd7 
21.h3 c5 22.Qh5 Rxe4 23.Rxe4 Qd6 24.Qe5 Kf8 25.Qxd6+ Rxd6 26.Re5 Rc6 27.
Kf1 f6 28.Re4 Kf7 29.Ke2 f5 30.Re5 Re6 31.Rxe6 Kxe6 32.Kd3 Kd5 33.c4+ dxc3
34.Kxc3 a5 35.b3 g5 36.a4 h5 37.Kd3 h4 38.f3 f4 39.Kc3 Kd6 40.Kd2 Ke6 41.
Kc2 Ke5 42.Kc3 Kd6 43.Kc4 Kc6 1/2-1/2

[Event "6th EUR-ch (w)"]
[Site "Chisinau MDA"]
[Date "2005.06.17"]
[Round "7"]
[White "Vasilieva, Maria"]
[Black "Grishina, Alexandra"]
[Result "0-1"]
[WhiteElo "2124"]
[BlackElo "2065"]
[EventDate "2005.06.10"]
[PlyCount "44"]

1.d4 d5 2.Nf3 Nf6 3.c4 c6 4.e3 Bf5 5.Nbd2 e6 6.Be2 Bd6 7.O-O O-O 8.Nh4 Bg6
9.Nxg6 hxg6 10.Qc2 Nbd7 11.e4 e5 12.dxe5 Nxe5 13.cxd5 cxd5 14.Qb3 Kh8 15.
exd5 Nfg4 16.h3 Nxf2 17.Qe3 Qc7 18.Bf3 Bc5 19.Qb3 Neg4 20.hxg4 Nxg4+ 21.
Rf2 Qh2+ 22.Kf1 Rae8 0-1

[Event "6th EUR-ch (w)"]
[Site "Chisinau MDA"]
[Date "2005.06.17"]
[Round "7"]
[White "Cherednichenko, Elena"]
[Black "Andronic, Iulia"]
[Result "1/2-1/2"]
[WhiteElo "1969"]
[BlackElo "2085"]
[EventDate "2005.06.10"]
[PlyCount "51"]

1.d4 d5 2.c4 c6 3.Nc3 Nf6 4.e3 e6 5.Bd3 Nbd7 6.Nf3 Bd6 7.O-O O-O 8.b3 Re8 
9.Bb2 e5 10.dxe5 Nxe5 11.Nxe5 Bxe5 12.h3 Bc7 13.Ne2 Nh5 14.Nd4 g6 15.cxd5 
Qxd5 16.Nf3 Rd8 17.Be2 Qxd1 18.Rfxd1 Ng7 19.Ng5 h6 20.Ne4 Ne8 21.Bc4 Bf5 
22.Nf6+ Nxf6 23.Bxf6 Rxd1+ 24.Rxd1 Re8 25.Kf1 Kf8 26.Rd2 1/2-1/2

[Event "6th EUR-ch (w)"]
[Site "Chisinau MDA"]
[Date "2005.06.17"]
[Round "7"]
[White "Baciu, Diana"]
[Black "Harbuz, Daniela"]
[Result "0-1"]
[WhiteElo "1870"]
[BlackElo "2040"]
[EventDate "2005.06.10"]
[PlyCount "74"]

1.e4 g6 2.d4 Bg7 3.Nc3 c6 4.Nf3 d6 5.h3 b5 6.a3 a6 7.Be2 Nd7 8.O-O Qc7 9.
Bf4 e5 10.Be3 Ngf6 11.Qd2 O-O 12.Bh6 Re8 13.Bxg7 Kxg7 14.dxe5 dxe5 15.Nh2 
Nc5 16.Qe3 Ne6 17.Ng4 Ng8 18.h4 h5 19.Nh2 Qe7 20.Nf3 Nf4 21.Rad1 Nh6 22.
Qd2 Bg4 23.g3 Rad8 24.Qe3 Nxe2+ 25.Nxe2 Bh3 26.Rfe1 Ng4 27.Qb6 Rb8 28.Qxc6
Qa7 29.Nfd4 exd4 30.Nf4 Rbc8 31.Qd5 Nf6 32.Qxd4 Qxd4 33.Rxd4 Bg4 34.c3 Bf3
35.e5 Ng4 36.e6 Rc7 37.Rd7 Rxd7 0-1

[Event "6th EUR-ch (w)"]
[Site "Chisinau MDA"]
[Date "2005.06.17"]
[Round "7"]
[White "Doibani, Lilia"]
[Black "Bayrak, Asli"]
[Result "0-1"]
[WhiteElo "2185"]
[BlackElo "1949"]
[EventDate "2005.06.10"]
[PlyCount "101"]

1.e4 e6 2.d4 d5 3.Nc3 Bb4 4.exd5 exd5 5.Bd3 Nf6 6.Ne2 c6 7.O-O Bd6 8.Ng3 
O-O 9.Nf5 Bxf5 10.Bxf5 Qc7 11.h3 Nbd7 12.Qf3 b5 13.Bg5 a5 14.Rfe1 a4 15.a3
Qb6 16.Bxd7 Nxd7 17.Qf5 Qc7 18.Re3 Nb6 19.Rae1 Nc4 20.R3e2 Nxb2 21.Bf6 
Bh2+ 22.Kh1 Qf4 23.Qxf4 Bxf4 24.Be7 Rfe8 25.g3 Bc7 26.Bc5 Rxe2 27.Rxe2 Nc4
28.Re7 Rc8 29.Re2 Bb6 30.Bxb6 Nxb6 31.Re7 Nc4 32.Nb1 Kf8 33.Re2 Re8 34.
Rxe8+ Kxe8 35.Kg2 Ke7 36.Kf3 Kd6 37.Ke2 f6 38.c3 Ke6 39.f3 Kf5 40.Kd3 h5 
41.Ke2 g5 42.g4+ hxg4 43.hxg4+ Ke6 44.Kd3 Kd6 45.Ke2 c5 46.Kd3 Kc6 47.Kc2 
Kb7 48.Kd3 Kb6 49.Kc2 cxd4 50.cxd4 Ka5 51.Kc3 0-1

[Event "6th EUR-ch (w)"]
[Site "Chisinau MDA"]
[Date "2005.06.17"]
[Round "7"]
[White "Vetrila, Sanda"]
[Black "Apanaviciute, Kristina"]
[Result "1-0"]
[WhiteElo "1911"]
[BlackElo "2028"]
[EventDate "2005.06.10"]
[PlyCount "83"]

1.e4 e5 2.Nf3 Nf6 3.Nxe5 d6 4.Nf3 Nxe4 5.Nc3 Nf6 6.d4 d5 7.Bd3 Be7 8.O-O 
Bg4 9.h3 Bh5 10.Re1 O-O 11.Be3 Nc6 12.a3 a6 13.g4 Bg6 14.Ne5 Bxd3 15.Qxd3 
Re8 16.Ne2 Bd6 17.Nxc6 bxc6 18.b4 Qd7 19.f3 h5 20.Bf2 Nh7 21.Ng3 Ng5 22.
Kg2 g6 23.Qd2 Ne6 24.Be3 h4 25.Ne2 Bf8 26.f4 Ng7 27.Bf2 Be7 28.Ng1 Qd8 29.
Nf3 Ne6 30.Ne5 Qd6 31.g5 Kg7 32.Bxh4 Rh8 33.Bg3 Rh5 34.Qc3 Rah8 35.Rh1 Nd8
36.Rae1 Re8 37.h4 Reh8 38.f5 gxf5 39.Nxf7 Qd7 40.Nxh8 Kxh8 41.Qe3 Bf8 42.
Qe8 1-0

[Event "6th EUR-ch (w)"]
[Site "Chisinau MDA"]
[Date "2005.06.18"]
[Round "8"]
[White "Lahno, Kateryna"]
[Black "Kachiani-Gersinska, Ketino"]
[Result "1/2-1/2"]
[WhiteElo "2467"]
[BlackElo "2418"]
[EventDate "2005.06.10"]
[PlyCount "42"]

1.e4 c6 2.d4 d5 3.Nc3 dxe4 4.Nxe4 Bf5 5.Ng3 Bg6 6.h4 h6 7.Nf3 Nd7 8.h5 Bh7
9.Bd3 Bxd3 10.Qxd3 e6 11.Bf4 Qa5+ 12.Bd2 Bb4 13.c3 Be7 14.c4 Qc7 15.d5 Ne5
16.Nxe5 Qxe5+ 17.Kf1 cxd5 18.Bc3 dxc4 19.Qxc4 Qg5 20.Ne4 Qd5 21.Qe2 Nf6 
1/2-1/2

[Event "6th EUR-ch (w)"]
[Site "Chisinau MDA"]
[Date "2005.06.18"]
[Round "8"]
[White "Grabuzova, Tatiana"]
[Black "Kosintseva, Nadezhda"]
[Result "1/2-1/2"]
[WhiteElo "2327"]
[BlackElo "2459"]
[EventDate "2005.06.10"]
[PlyCount "96"]

1.Nf3 d5 2.b3 Nf6 3.Bb2 e6 4.e3 Bd6 5.Ne5 O-O 6.f4 Ne4 7.Qh5 f6 8.Nf3 e5 
9.Nc3 Nxc3 10.Bxc3 Qe8 11.Qxe8 Rxe8 12.fxe5 fxe5 13.e4 c6 14.O-O-O d4 15.
Bb2 h6 16.c3 c5 17.Ba3 Nc6 18.Bb5 Bd7 19.cxd4 exd4 20.Nxd4 Nxd4 21.Bxd7 
Rxe4 22.Rde1 Rxe1+ 23.Rxe1 Rd8 24.Re8+ Rxe8 25.Bxe8 Kf8 26.Bh5 Nb5 27.Bb2 
Bxh2 28.a4 Nd6 29.d4 Bg1 30.dxc5 Bxc5 31.Bg6 Nf7 32.Kc2 Nd8 33.Kd3 Nc6 34.
Kc4 Be7 35.Be4 a6 36.b4 g5 37.g4 Kf7 38.Bd5+ Kg6 39.Be4+ Kf7 40.Bd5+ Ke8 
41.b5 Na5+ 42.Kd3 axb5 43.axb5 Kd7 44.Ke4 Kc7 45.Bc3 Kb6 46.Bxa5+ Kxa5 47.
Bxb7 Kxb5 48.Kf5 Kc5 1/2-1/2

[Event "6th EUR-ch (w)"]
[Site "Chisinau MDA"]
[Date "2005.06.18"]
[Round "8"]
[White "Arakhamia-Grant, Ketevan"]
[Black "Zayats, Elena"]
[Result "0-1"]
[WhiteElo "2452"]
[BlackElo "2398"]
[EventDate "2005.06.10"]
[PlyCount "74"]

1.e4 e5 2.Nf3 Nc6 3.Bb5 Nf6 4.d3 d6 5.c3 g6 6.Nbd2 Bg7 7.Nf1 O-O 8.Bg5 h6 
9.Bh4 Bd7 10.Ne3 Ne7 11.Bc4 c6 12.Bb3 Be6 13.Bxf6 Bxf6 14.Bxe6 fxe6 15.h4 
Qe8 16.Qb3 Qd7 17.O-O-O Bg7 18.h5 g5 19.Rdf1 a5 20.Ng1 a4 21.Qc2 d5 22.Ne2
c5 23.c4 Nc6 24.cxd5 Nb4 25.Qd2 Nxa2+ 26.Kd1 a3 27.b3 Nb4 28.Nc3 a2 29.Ke2
exd5 30.Ncxd5 Nxd5 31.Nxd5 Qg4+ 32.Ke3 Qxg2 33.Qe2 g4 34.Rfg1 a1=Q 35.Rxa1
Rxa1 36.Rxa1 Rf3+ 37.Kd2 Rxf2 0-1

[Event "6th EUR-ch (w)"]
[Site "Chisinau MDA"]
[Date "2005.06.18"]
[Round "8"]
[White "Dzagnidze, Nana"]
[Black "Javakhishvili, Lela"]
[Result "1/2-1/2"]
[WhiteElo "2482"]
[BlackElo "2430"]
[EventDate "2005.06.10"]
[PlyCount "110"]

1.d4 Nf6 2.c4 e6 3.Nc3 Bb4 4.Bg5 h6 5.Bh4 c5 6.d5 d6 7.e3 g5 8.Bg3 Ne4 9.
Qc2 Bxc3+ 10.bxc3 Nxg3 11.hxg3 e5 12.Bd3 Nd7 13.Nf3 Qe7 14.Nd2 Nf6 15.Rb1 
h5 16.f3 Kd8 17.Kf2 Re8 18.Rh2 Kc7 19.Rbh1 e4 20.Bxe4 Bf5 21.Qd3 Nxe4+ 22.
Nxe4 Bxe4 23.Qxe4 Qxe4 24.fxe4 Rxe4 25.Rxh5 Rxc4 26.Rxg5 Rf8 27.Rf5 Kd7 
28.Rc1 Ra4 29.Rc2 b5 30.Rf4 Ra3 31.g4 Ke7 32.c4 b4 33.e4 Rg8 34.Rf3 Rxf3+ 
35.gxf3 Rh8 36.Kg2 a5 37.f4 a4 38.e5 Rh4 39.Kf3 a3 40.Re2 Rh1 41.e6 Rf1+ 
42.Kg3 Rg1+ 43.Kh4 Rb1 44.g5 Rb2 45.Re1 Rxa2 46.f5 Rh2+ 47.Kg4 f6 48.gxf6+
Kxf6 49.e7 Rh8 50.e8=Q Rxe8 51.Rxe8 a2 52.Rf8+ Ke5 53.Re8+ Kf6 54.Rf8+ Ke5
55.Re8+ Kf6 1/2-1/2